[Event "I Miedzynarodowy Memorial Ireny Warakomskiej - Open B"]
[Site "Suwalki"]
[Date "2017-08-13"]
[Round "3.1"]
[White "Samborski, Henryk"]
[Black "Wacior, Maciej "]
[Result "0-1"]
[WhiteTitle ""]
[BlackTitle ""]
[WhiteElo "2096"]
[BlackElo "1912"]

1. Nf3 d5 2. g3 Nf6 3. Bg2 Bf5 4. O-O h6 5. c4 e6 6. Qb3 b6 7. Nc3 c6 8. cxd5 exd5
9. Nd4 Bh7 10. d3 Bc5 11. Be3 O-O 12. h3 Re8 13. Qc2 Bxd4 14. Bxd4 Nbd7 15. b4
Rc8 16. Qa4 c5 17. bxc5 bxc5 18. Bxf6 Nxf6 19. Qxa7 d4 20. Na4 Rxe2 21. Nxc5 Re7
22. Nb7 Bxd3 23. Rfd1 Rc3 24. Rxd3 Rxd3 25. Qa6 Rxb7 26. Qxd3 Re7 27. Qc4 d3 28.
Rd1 d2 29. Qc2 Rd7 30. Bf1 Rd4 31. Bg2 Qa5 32. Bf3 Nh7 33. h4 Nf8 34. Rb1 Rd8
35. Kg2 Ne6 36. Rb7 d1=Q 37. Bxd1 Qd5+ 38. Bf3 Qxf3+ 39. Kxf3 Nd4+ 40. Ke4 Nxc2
41. Rc7 Re8+ 42. Kf4 Re2 43. f3 Nb4 44. Rc8+ Kh7 45. a4 Ra2 46. Ra8 Nd5+ 47. Ke5
Nb6 48. Ra6 Nxa4 49. g4 Nc3 50. Rc6 Ne2 51. h5 Ra5+ 52. Ke4 f5+ 53. Ke3 Re5+ 54.
Kf2 Nd4 55. Rd6 Nb5 56. Rb6 Nc3 57. Rc6 Nd1+ 58. Kg3 fxg4 59. fxg4 Rg5 60. Kf3
Nb2 61. Rc3 Na4 0-1

[Event "I Miedzynarodowy Memorial Ireny Warakomskiej - Open B"]
[Site "Suwalki"]
[Date "2017-08-13"]
[Round "3.2"]
[White "Budzinski, Jan "]
[Black "Shpanko, Nadiia"]
[Result "0-1"]
[WhiteTitle ""]
[BlackTitle ""]
[WhiteElo "2012"]
[BlackElo "2095"]

1. e4 c5 2. Nc3 Nc6 3. Bb5 Nd4 4. Bc4 g6 5. Nf3 Bg7 6. Nxd4 Bxd4 7. d3 d6 8. O-O
Bg7 9. f4 Nf6 10. h3 e6 11. Qf3 O-O 12. Be3 Bd7 13. d4 Bc6 14. d5 exd5 15. exd5
Bd7 16. Bf2 Qa5 17. a4 a6 18. Be1 Rfe8 19. Ne4 Qc7 20. Nxf6+ Bxf6 21. Bc3 Bxc3
22. Qxc3 b5 23. axb5 axb5 24. Rxa8 Rxa8 25. Be2 Re8 26. Bf3 Bf5 27. Re1 Rxe1+
28. Qxe1 Bxc2 29. Qe8+ Kg7 30. Qxb5 Qe7 31. Qe2 Qxe2 32. Bxe2 Be4 33. Bc4 Kf6
34. Kf2 Kf5 35. g3 g5 36. Ke3 gxf4+ 37. gxf4 h6 38. h4 Bh1 39. Bf1 Kg4 40. Bd3
Bxd5 41. f5 Kxh4 42. Kf4 f6 43. Bf1 Bb3 44. Bb5 d5 45. Be8 d4 46. Ke4 Kg5 47.
Bd7 Bc2+ 0-1

[Event "I Miedzynarodowy Memorial Ireny Warakomskiej - Open B"]
[Site "Suwalki"]
[Date "2017-08-13"]
[Round "3.3"]
[White "Janiszewski, Maciej"]
[Black "Karlov, Egor "]
[Result "1-0"]
[WhiteTitle ""]
[BlackTitle ""]
[WhiteElo "2095"]
[BlackElo "1724"]

1. e4 c5 2. Nc3 e6 3. g3 Nc6 4. Bg2 Nf6 5. Nge2 d6 6. d4 cxd4 7. Nxd4 Nxd4 8. Qxd4
Be7 9. O-O O-O 10. Rd1 e5 11. Qd3 Bd7 12. Bg5 Bc6 13. Bxf6 gxf6 14. Bh3 Qb6 15.
Bf5 Kh8 16. b3 Rg8 17. Qf3 Qc5 18. Qh5 Rg6 19. Rd3 Rag8 20. Bxg6 fxg6 21. Qd1
Rd8 22. Nd5 Bxd5 23. Rxd5 Qc3 24. Rd3 Qc6 25. Qe2 d5 26. exd5 Rxd5 27. Rxd5 Qxd5
28. Rd1 Qc6 29. Qc4 Qe8 30. Qe6 Kg7 31. Rd7 Kf8 32. Rxb7 Qd8 33. Rd7 Qe8 34. Rxa7
Qd8 35. Rd7 Qe8 36. a4 1-0

[Event "I Miedzynarodowy Memorial Ireny Warakomskiej - Open B"]
[Site "Suwalki"]
[Date "2017-08-13"]
[Round "3.4"]
[White "Suder, Ryszard "]
[Black "Czarniecka, Aleksandra "]
[Result "1/2-1/2"]
[WhiteTitle ""]
[BlackTitle ""]
[WhiteElo "2082"]
[BlackElo "1875"]

1. Nf3 Nf6 2. d4 g6 3. Nc3 c5 4. d5 d6 5. e4 Bg7 6. Bb5+ Nbd7 7. a4 O-O 8. O-O
a6 9. Be2 Ne5 10. Nxe5 dxe5 11. Be3 Qc7 12. a5 Rd8 13. f3 e6 14. Bc4 exd5 15.
Nxd5 Nxd5 16. Bxd5 Rb8 17. Qe2 b5 18. axb6 1/2-1/2

[Event "I Miedzynarodowy Memorial Ireny Warakomskiej - Open B"]
[Site "Suwalki"]
[Date "2017-08-13"]
[Round "3.5"]
[White "Bogdanov, Ignat"]
[Black "Rudzinska, Michalina "]
[Result "0-1"]
[WhiteTitle ""]
[BlackTitle ""]
[WhiteElo "2078"]
[BlackElo "1870"]

1. d4 Nf6 2. c4 e6 3. Nf3 c5 4. e3 b6 5. Be2 Bb7 6. O-O d6 7. b3 Be7 8. Bb2 Nbd7
9. Nbd2 O-O 10. Qc2 Qc7 11. Bd3 Rac8 12. h3 Rfd8 13. Rac1 Qb8 14. Qb1 cxd4 15.
Bxd4 Qa8 16. Bb2 h6 17. Ba3 Nc5 18. Rfd1 Rc7 19. Be2 Nfe4 20. Nxe4 Bxe4 21. Qa1
Bf6 22. Bb2 Bxb2 23. Qxb2 Bb7 24. b4 Ne4 25. Nd4 a6 26. Bf3 Rdc8 27. Be2 d5 28.
f3 Nd6 29. cxd5 Rxc1 30. Rxc1 Bxd5 31. b5 Rxc1+ 32. Qxc1 axb5 33. e4 Bc4 34. Qf4
Qa3 35. e5 Nb7 36. Kh2 Qxa2 37. Bd1 Nc5 38. Nc6 Qb1 39. Qd4 Qd3 40. Qa1 Kh7 41.
Nb4 Qd2 42. Qb1+ g6 43. Bc2 Bb3 44. Bxb3 Qxb4 45. Bc2 Qc4 46. Kh1 b4 47. Qd1 b3
48. Bb1 b2 49. Bc2 Qf4 0-1

[Event "I Miedzynarodowy Memorial Ireny Warakomskiej - Open B"]
[Site "Suwalki"]
[Date "2017-08-13"]
[Round "3.6"]
[White "Duda, Lucas"]
[Black "Lisowski, Krzysztof"]
[Result "1-0"]
[WhiteTitle ""]
[BlackTitle ""]
[WhiteElo "1906"]
[BlackElo "2073"]

1. e4 g6 2. d4 Bg7 3. Nf3 d6 4. Bd3 e6 5. Bg5 Ne7 6. O-O h6 7. Be3 O-O 8. Qd2 Kh7
9. Nc3 Nd7 10. Rad1 b6 11. Rfe1 Bb7 12. Ne2 Nf6 13. Ng3 Ng4 14. c3 f5 15. h3 Nf6
16. Qc2 Qd7 17. Bc1 Rfe8 18. c4 fxe4 19. Nxe4 Nxe4 20. Bxe4 d5 21. Ne5 Bxe5 22.
dxe5 Qc6 23. Bd3 Red8 24. Qd2 Ng8 25. c5 Qxc5 26. Re3 Rd7 27. Rg3 Rg7 28. Rg4
d4 29. Re1 Rd8 30. h4 Qa5 31. b4 Qa4 32. h5 c5 33. Rxg6 Rxg6 34. Bxg6+ Kg7 35.
Qf4 Rf8 36. Qg4 Qxb4 37. Rf1 d3 38. Qxe6 c4 39. Qd7+ Qe7 40. Qg4 Kh8 41. Bb2 Bd5
42. e6+ Nf6 43. Bf7 Rxf7 44. exf7 Bxf7 45. Qf5 Kg7 46. Bc3 Qe6 47. Qf3 Qd6 48.
Qg3+ Qxg3 49. fxg3 a5 50. Bxf6+ 1-0

[Event "I Miedzynarodowy Memorial Ireny Warakomskiej - Open B"]
[Site "Suwalki"]
[Date "2017-08-13"]
[Round "3.7"]
[White "Rak, Tomasz"]
[Black "Wierzbicki, Michal "]
[Result "1-0"]
[WhiteTitle ""]
[BlackTitle ""]
[WhiteElo "2067"]
[BlackElo "1890"]

1. Nf3 Nf6 2. d4 e6 3. Bf4 b6 4. Nbd2 Bb7 5. e3 Be7 6. Bd3 Nh5 7. Bg3 Nxg3 8. hxg3
h6 9. Qe2 d6 10. O-O-O Nd7 11. e4 c5 12. c3 Qc7 13. Kb1 O-O-O 14. Ba6 Rhe8 15.
Ka1 Bxa6 16. Qxa6+ Qb7 17. Qd3 Kb8 18. Rb1 cxd4 19. cxd4 Nf6 20. Rhe1 Rc8 21.
Rbd1 d5 22. e5 Nd7 23. Rc1 Rc7 24. Rxc7 Qxc7 25. Kb1 Rc8 26. Nb3 Nf8 27. Rc1 Qd7
28. Qa6 Qb7 29. Qb5 Qd7 30. Qd3 Rxc1+ 31. Nxc1 Qc6 32. Nd2 Bb4 33. Ncb3 Bxd2 34.
Nxd2 Qa4 35. b3 Qb4 36. Kb2 Qe7 37. f4 g6 38. Nb1 Kb7 39. Nc3 a6 40. a3 f5 41.
Na2 Qe8 42. a4 Qe7 43. b4 h5 44. Kb3 Nd7 45. Qc3 Nb8 46. Nc1 Qc7 47. Nd3 Nd7 48.
Ne1 Nf8 49. Qd3 Qc1 50. Nc2 Qb1+ 51. Ka3 Nd7 52. Qc3 Nb8 53. Na1 Qf1 54. Nb3 Qc4
55. Qd2 Nd7 56. Qe3 Kb8 57. Nd2 Qc1+ 58. Kb3 Kb7 59. Qd3 Qc6 60. b5 axb5 61. axb5
Qc1 62. Nb1 Nb8 63. Na3 Qc7 64. Qd2 Qe7 65. Nc2 Qf8 66. Nb4 Qc8 67. Qd3 Qc7 68.
Kb2 Qd7 69. Ka3 Qc7 70. Ka4 Qc1 71. Nc2 Qb2 72. Nb4 Qc1 73. Kb3 Qc7 74. Qf1 Qc8
75. Nc2 Qc7 76. Qd3 Qc8 77. Ne1 Nd7 78. Nf3 Nf8 79. Qf1 Nh7 80. Nd2 Nf8 81. Qa1
Nd7 82. Qa3 Qf8 83. Qa6+ Kb8 84. Qa4 Qc8 85. Qb4 Qf8 86. Qc3 Qc8 87. Qc6 Qxc6
88. bxc6 Nc5+ 89. dxc5 bxc5 90. Nf3 Kc7 91. Ng5 Kxc6 92. Nxe6 1-0

[Event "I Miedzynarodowy Memorial Ireny Warakomskiej - Open B"]
[Site "Suwalki"]
[Date "2017-08-13"]
[Round "3.8"]
[White "Pytel, Maciej"]
[Black "Mammadov, Vafa "]
[Result "1-0"]
[WhiteTitle ""]
[BlackTitle ""]
[WhiteElo "1967"]
[BlackElo "2066"]

1. f4 d5 2. Nf3 c5 3. g3 Nf6 4. Bg2 Nc6 5. O-O e6 6. d3 Be7 7. Qe1 O-O 8. e4 Rb8
9. a4 a6 10. a5 b5 11. axb6 Qxb6 12. Kh1 Nb4 13. Na3 Bb7 14. e5 Nd7 15. Qe2 d4
16. Nc4 Qc7 17. Bd2 Nxc2 18. Ba5 1-0

[Event "I Miedzynarodowy Memorial Ireny Warakomskiej - Open B"]
[Site "Suwalki"]
[Date "2017-08-13"]
[Round "3.9"]
[White "Grabowski, Adam"]
[Black "Janulek, Dawid "]
[Result "0-1"]
[WhiteTitle ""]
[BlackTitle ""]
[WhiteElo "2063"]
[BlackElo "2006"]

1. Nf3 Nf6 2. c4 Nc6 3. d4 e6 4. Nc3 Bb4 5. Qc2 d6 6. e3 O-O 7. Bd3 e5 8. h3 Re8
9. d5 Ne7 10. Bd2 Rf8 11. a3 Bxc3 12. Bxc3 Ng6 13. g4 b5 14. b3 Bb7 15. h4 Re8
16. h5 Nf8 17. g5 N6d7 18. Bf5 c6 19. e4 Rc8 20. Qd2 bxc4 21. bxc4 cxd5 22. cxd5
Rc4 23. Ba5 Qc8 24. O-O Rc2 25. Qe3 Qc5 26. Qxc5 Nxc5 27. Bb4 g6 28. hxg6 hxg6
29. Bxc5 Rxc5 30. Bg4 Bc8 31. Nh2 Nh7 32. Rfc1 Nxg5 33. Rxc5 dxc5 34. Bxc8 Rxc8
35. f3 f5 36. exf5 gxf5 37. Kf2 Kf7 38. Nf1 Rd8 39. Rd1 f4 40. Nh2 Rb8 41. Rc1
Rb2+ 42. Kg1 Nh3+ 43. Kh1 Nf2+ 44. Kg1 Nd3 45. Rc3 Rd2 46. Ng4 Ke7 47. Rb3 Kd6
48. Nf6 c4 49. Rc3 Rd1+ 50. Kg2 Rc1 51. Rxc1 Nxc1 52. Kf2 Na2 53. Ke2 Nc3+ 54.
Kd2 Nxd5 55. Ne4+ Kc6 56. a4 Kb6 57. Kc2 Ka5 58. Nc5 Kb4 59. Nd7 Kxa4 60. Nxe5
Kb5 0-1

[Event "I Miedzynarodowy Memorial Ireny Warakomskiej - Open B"]
[Site "Suwalki"]
[Date "2017-08-13"]
[Round "3.11"]
[White "Kaczmarska, Joanna "]
[Black "Medvedyk, Volodymyr"]
[Result "1-0"]
[WhiteTitle ""]
[BlackTitle ""]
[WhiteElo "1942"]
[BlackElo "2053"]

1. e4 c5 2. Nf3 d6 3. d4 cxd4 4. Nxd4 Nf6 5. Nc3 a6 6. g3 e5 7. Nde2 Be6 8. Bg2
b5 9. a3 Be7 10. O-O Nbd7 11. h3 O-O 12. f4 exf4 13. gxf4 Rc8 14. Be3 Nb6 15.
b3 Bd7 16. Qd4 Na8 17. Qa7 Nc7 18. e5 Nfe8 19. Rad1 Rb8 20. Bb6 Rc8 21. Nd5 Be6
22. Bxc7 Rxc7 23. Nxc7 Nxc7 24. f5 Bc8 25. exd6 Bxd6 26. Qb6 Qg5 27. Qxd6 Bb7
28. Qg3 Qe7 29. Bxb7 Qxe2 30. Qxc7 Qe3+ 31. Kh1 Qxh3+ 32. Qh2 Qc3 33. Rd3 Qc5
34. Rh3 Qb6 35. Be4 Qd4 36. Bd3 h6 37. Qg2 Rd8 38. Rxh6 Qe3 39. Rh4 Rd5 40. Qh3
Qxh3+ 41. Rxh3 1-0

[Event "I Miedzynarodowy Memorial Ireny Warakomskiej - Open B"]
[Site "Suwalki"]
[Date "2017-08-13"]
[Round "3.12"]
[White "Szewczyk, Mariusz"]
[Black "Kotlowski, Tomasz"]
[Result "1-0"]
[WhiteTitle ""]
[BlackTitle ""]
[WhiteElo "2053"]
[BlackElo "2005"]

1. e4 g6 2. d4 Bg7 3. Bc4 d6 4. Nc3 Nf6 5. f3 c6 6. Be3 b5 7. Bb3 O-O 8. Qd2 a5
9. a4 b4 10. Nce2 e5 11. dxe5 dxe5 12. Qxd8 Rxd8 13. Bc4 Nfd7 14. Nc1 Ba6 15.
Bxa6 Nxa6 16. Nb3 Nc7 17. Ne2 Ne6 18. Nd2 Nd4 19. Bxd4 exd4 20. Nc4 Nc5 21. Nc1
b3 22. Nd3 Bf8 23. Nxc5 Bxc5 24. cxb3 d3 25. O-O-O Rab8 26. Nxa5 Bb4 27. Nc4 Bc5
28. Nd2 Be3 29. Kb1 Bxd2 30. Rxd2 Rxb3 31. Rc1 Rc8 32. Ka2 Rb4 33. b3 c5 34. Rxd3
c4 35. Ka3 1-0

[Event "I Miedzynarodowy Memorial Ireny Warakomskiej - Open B"]
[Site "Suwalki"]
[Date "2017-08-13"]
[Round "3.13"]
[White "Pawelec, Bartosz "]
[Black "Kalejta, Arkadiusz "]
[Result "1/2-1/2"]
[WhiteTitle ""]
[BlackTitle ""]
[WhiteElo "2050"]
[BlackElo "1677"]

1. d4 d5 2. Bg5 Nf6 3. e3 Ne4 4. Bf4 c5 5. f3 Nf6 6. Nc3 a6 7. Bxb8 Rxb8 8. dxc5
e5 9. Na4 Qa5+ 10. c3 Bd7 11. Nb6 Qxc5 12. Nxd7 Nxd7 13. Qd2 Be7 14. Bd3 O-O 15.
Ne2 f5 16. f4 Rbe8 17. O-O-O Nb6 18. h4 Kh8 19. fxe5 Bd8 20. Nd4 Rxe5 21. Rdf1
Nc4 22. Bxc4 dxc4 23. Rf3 Bb6 24. Rhf1 h6 25. g4 Qe7 26. Nxf5 Rfxf5 27. gxf5 Bxe3
28. Rxe3 Rxe3 29. Qf2 1/2-1/2

[Event "I Miedzynarodowy Memorial Ireny Warakomskiej - Open B"]
[Site "Suwalki"]
[Date "2017-08-13"]
[Round "3.14"]
[White "Hagner, Pawel"]
[Black "Ostrowski, Robert"]
[Result "0-1"]
[WhiteTitle ""]
[BlackTitle ""]
[WhiteElo "1709"]
[BlackElo "2050"]

1. d4 Nf6 2. Nf3 g6 3. Bf4 d6 4. e3 Bg7 5. Nbd2 O-O 6. c3 c6 7. Be2 Nbd7 8. h3
Re8 9. O-O e5 10. dxe5 dxe5 11. Bh2 b5 12. a4 Qb6 13. axb5 cxb5 14. Qb3 Rb8 15.
Ng5 Re7 16. Rfd1 Nc5 17. Qa3 Bf8 18. b4 Na4 19. Bxb5 Nxc3 20. Qxc3 Qxb5 21. Ra5
Qxb4 22. Qxb4 Rxb4 23. Bxe5 Ne8 24. Bd4 Rbb7 25. Ngf3 Bf5 26. g4 Be4 27. Nxe4
Rxe4 0-1

[Event "I Miedzynarodowy Memorial Ireny Warakomskiej - Open B"]
[Site "Suwalki"]
[Date "2017-08-13"]
[Round "3.15"]
[White "Sapeta, Robert "]
[Black "Bartoszewicz, Marcin "]
[Result "1-0"]
[WhiteTitle ""]
[BlackTitle ""]
[WhiteElo "2040"]
[BlackElo "1875"]

1. d4 Nf6 2. Nc3 d5 3. Bg5 Nc6 4. e3 Bf5 5. Bb5 a6 6. Ba4 b5 7. Bb3 e6 8. f3 Be7
9. Nge2 O-O 10. g4 Bg6 11. h4 h6 12. Bf4 Nd7 13. Bg3 Nb6 14. Nf4 Na5 15. Qe2 Nac4
16. Nd1 Bd6 17. Qh2 Qe7 18. Nd3 Bxd3 19. cxd3 Bxg3+ 20. Qxg3 Qb4+ 21. Kf1 Nd2+
22. Ke2 Nxb3 23. axb3 Qxb3 24. Rc1 Na4 25. g5 h5 26. g6 Nxb2 27. Rc3 Qb4 28. Rxc7
f6 29. Rxg7+ 1-0

[Event "I Miedzynarodowy Memorial Ireny Warakomskiej - Open B"]
[Site "Suwalki"]
[Date "2017-08-13"]
[Round "3.16"]
[White "Jankowiak, Tomasz"]
[Black "Betkowski, Andrzej "]
[Result "1/2-1/2"]
[WhiteTitle ""]
[BlackTitle ""]
[WhiteElo "1905"]
[BlackElo "2038"]

1. e4 e6 2. d4 d5 3. Nd2 a6 4. Ngf3 Nf6 5. Bd3 c5 6. exd5 exd5 7. dxc5 Bxc5 8.
Nb3 Bb6 9. Qe2+ Qe7 10. Qxe7+ Kxe7 11. O-O Nc6 12. c3 h6 13. Re1+ Be6 14. Be3
Bxe3 15. Rxe3 Kd6 16. Rae1 Rhe8 17. h3 Bd7 18. Rxe8 Rxe8 19. Rxe8 Bxe8 20. Nbd4
g6 21. Nxc6 Bxc6 22. Nd4 Bd7 23. f3 Nh5 24. Ne2 Ng7 25. g4 f5 26. Kf2 g5 27. Ke3
Ke5 28. Nd4 h5 29. Be2 Bc8 30. b3 Bd7 31. Bd1 Bc8 32. Be2 Bd7 33. Bd1 1/2-1/2

[Event "I Miedzynarodowy Memorial Ireny Warakomskiej - Open B"]
[Site "Suwalki"]
[Date "2017-08-13"]
[Round "3.17"]
[White "Kowalec, Maciej"]
[Black "Murawko, Katarzyna "]
[Result "1/2-1/2"]
[WhiteTitle ""]
[BlackTitle ""]
[WhiteElo "2038"]
[BlackElo "1967"]

1. d4 c5 2. d5 d6 3. c4 g6 4. Nc3 Bg7 5. e4 a6 6. a4 Nf6 7. Nf3 O-O 8. Be2 h6 9.
O-O Ne8 10. Be3 Nd7 11. Qd2 Kh7 12. Ne1 Ne5 13. f4 Nd7 1/2-1/2

[Event "I Miedzynarodowy Memorial Ireny Warakomskiej - Open B"]
[Site "Suwalki"]
[Date "2017-08-13"]
[Round "3.18"]
[White "Widelski, Kacper "]
[Black "Krasiewicz, Robert "]
[Result "1-0"]
[WhiteTitle ""]
[BlackTitle ""]
[WhiteElo "1880"]
[BlackElo "2031"]

1. d4 f5 2. c4 d6 3. Nc3 Nf6 4. Nf3 g6 5. Qc2 Bg7 6. Bf4 O-O 7. e3 Nc6 8. Rd1 Bd7
9. Be2 Qe8 10. Nd5 Qc8 11. O-O Ne4 12. c5 e6 13. Nc3 e5 14. dxe5 dxe5 15. Bg3
Nxc5 16. Nd5 Ne4 17. Bxe5 Rf7 18. Bxg7 Kxg7 19. Bd3 Nd6 20. Ng5 Rf8 21. Qc3+ Kh6
22. f4 Ne4 23. Bxe4 fxe4 24. Nxe4 Bg4 25. Rde1 Rd8 26. Nef6 Be6 27. e4 a5 28.
f5 Bxd5 29. exd5 1-0

[Event "I Miedzynarodowy Memorial Ireny Warakomskiej - Open B"]
[Site "Suwalki"]
[Date "2017-08-13"]
[Round "3.19"]
[White "Migala, Andrzej"]
[Black "Choinska, Debora "]
[Result "1-0"]
[WhiteTitle ""]
[BlackTitle ""]
[WhiteElo "2031"]
[BlackElo "1600"]

1. e4 d6 2. d4 Nf6 3. Nc3 Nbd7 4. Nf3 e5 5. Bc4 Be7 6. O-O O-O 7. Re1 c6 8. Bb3
b5 9. d5 cxd5 10. Nxd5 Bb7 11. c3 Nc5 12. Nxf6+ Bxf6 13. Bd5 Qc7 14. h3 h6 15.
Nh2 Bxd5 16. Qxd5 a6 17. Ng4 Qe7 18. Rd1 Rfd8 19. f3 Bg5 20. Bxg5 Qxg5 21. Qd2
Qxd2 22. Rxd2 Kf8 23. Rad1 Nb7 24. Kf2 Rac8 25. h4 h5 26. Ne3 g6 27. Nd5 Rc6 28.
g4 hxg4 29. fxg4 Kg7 30. g5 Nc5 31. Nf6 Nb7 32. Kf3 Rh8 33. Kg4 Rc4 34. Re1 Rc6
35. h5 gxh5+ 36. Nxh5+ Kg6 37. Rf2 Rf8 38. Rf6+ Kh7 39. Rh6+ Kg8 40. Nf6+ Kg7
41. Rh7+ Kg6 42. Reh1 Nc5 43. R1h6# 1-0

[Event "I Miedzynarodowy Memorial Ireny Warakomskiej - Open B"]
[Site "Suwalki"]
[Date "2017-08-13"]
[Round "3.20"]
[White "Zianowicz, Dominik "]
[Black "Kalmuk, Krzysztof"]
[Result "1/2-1/2"]
[WhiteTitle ""]
[BlackTitle ""]
[WhiteElo "1843"]
[BlackElo "2030"]

1. d4 Nf6 2. Bg5 d5 3. e3 c5 4. c3 e6 5. Nf3 Nc6 6. Bd3 h6 7. Bh4 Bd7 8. O-O g5
9. Bg3 Nh5 10. Be5 Ng7 11. Bxg7 Bxg7 12. dxc5 Qe7 13. Nbd2 Qxc5 14. e4 dxe4 15.
Nxe4 Qe7 16. Re1 O-O 17. Qe2 g4 18. Nfd2 Ne5 19. Bc2 Bc6 20. Ng3 Qh4 21. Be4 Rac8
22. Bxc6 Rxc6 23. f4 Ng6 24. Rf1 f5 25. Qf2 e5 26. Ne2 Qxf2+ 27. Rxf2 a5 28. fxe5
Bxe5 29. Nb3 a4 30. Nbd4 Rb6 31. Nxf5 Rxb2 32. Nxh6+ Kh7 33. Nxg4 Rxf2 34. Kxf2
Bxc3 35. Rc1 Ba5 36. Kf3 Nh4+ 37. Kg3 Rxe2 38. Kxh4 Rxa2 39. Rb1 Bd8+ 40. Kh5
b5 41. Rxb5 Rxg2 42. Rb7+ Kg8 43. Ra7 Rd2 44. Rxa4 Rd5+ 45. Kh6 1/2-1/2

[Event "I Miedzynarodowy Memorial Ireny Warakomskiej - Open B"]
[Site "Suwalki"]
[Date "2017-08-13"]
[Round "3.21"]
[White "Hrymowicz, Artur "]
[Black "Kaczmarek, Arkadiusz "]
[Result "1/2-1/2"]
[WhiteTitle ""]
[BlackTitle ""]
[WhiteElo "2015"]
[BlackElo "1935"]

1. e4 e6 2. d4 d5 3. Nd2 Nf6 4. e5 Nfd7 5. Bd3 c5 6. c3 Nc6 7. Ne2 cxd4 8. cxd4
f6 9. exf6 Nxf6 10. Nf3 Bd6 11. O-O Qc7 12. Nc3 a6 13. Bg5 O-O 14. Bh4 Nh5 15.
Rc1 g6 16. Na4 b5 17. Nc5 Rxf3 18. Qxf3 Bxh2+ 19. Kh1 Bf4 20. Nb3 Nxd4 21. Rxc7
Nxf3 22. Rxc8+ Rxc8 23. gxf3 Kf7 24. Rb1 g5 25. Bg3 Nxg3+ 26. fxg3 Bxg3 27. Kg2
Be5 28. Bxh7 Rh8 29. Bd3 Rh2+ 30. Kg1 Rxb2 31. Rxb2 Bxb2 32. Kg2 Ba3 33. Nd4 Bd6
34. Kh3 Kf6 35. Kg4 Bc5 36. Nc6 Bd6 37. Kh3 Bc7 38. Nb4 Bd6 39. Nc6 Bc7 40. Kg2
Bd6 41. Kf1 Kf7 42. Ke2 Ke8 43. Kd1 Kd7 44. Nd4 Bc5 45. Ne2 Kd6 46. Kc2 Bf2 47.
Bg6 Be3 48. Kb3 Bc5 49. Bf7 Ke7 50. Bg8 Kd6 51. Nc1 a5 52. Nd3 Bd4 53. Bf7 e5
54. Bg6 g4 55. fxg4 Be3 56. Kc2 e4 57. Nc1 Ke5 58. Be8 b4 59. Nb3 Bb6 60. g5 d4
61. g6 Kf6 62. Kd1 d3 63. Kd2 a4 64. Bxa4 Kxg6 65. Nc1 Kf6 66. Bb5 Ke5 67. Bxd3
exd3 68. Nxd3+ Kd4 69. Nxb4 Ba5 1/2-1/2

[Event "I Miedzynarodowy Memorial Ireny Warakomskiej - Open B"]
[Site "Suwalki"]
[Date "2017-08-13"]
[Round "3.22"]
[White "Milanowski, Jan"]
[Black "Gawronski, Miroslaw"]
[Result "0-1"]
[WhiteTitle ""]
[BlackTitle ""]
[WhiteElo "1815"]
[BlackElo "2014"]

1. e4 c5 2. Nf3 e6 3. d3 d5 4. Nbd2 d4 5. g3 Nc6 6. Bg2 g6 7. O-O Bg7 8. Re1 e5
9. Nf1 Nge7 10. Ng5 f6 11. Nh3 Be6 12. f4 O-O 13. fxe5 Nxe5 14. Nf2 Qd7 15. Bd2
h5 16. h4 b5 17. Nh2 c4 18. Nf3 N7c6 19. Nxe5 Nxe5 20. Bf4 a5 21. Qe2 Rac8 22.
a3 a4 23. Rec1 Rfd8 24. Kh2 Bf8 25. Bh3 Bxh3 26. Nxh3 Ng4+ 27. Kg2 c3 28. b3 axb3
29. cxb3 Ra8 30. b4 Ra7 31. Rcb1 Rda8 32. Bc1 Bh6 33. Nf4 Qf7 34. Ra2 f5 35. Rc2
Re8 36. Qf3 Bxf4 37. gxf4 fxe4 38. dxe4 Qe7 39. e5 Qxh4 40. Re2 Rd7 41. Qc6 Ree7
42. Qxg6+ Rg7 43. Qe8+ Kh7 44. Ra2 Nxe5+ 0-1

[Event "I Miedzynarodowy Memorial Ireny Warakomskiej - Open B"]
[Site "Suwalki"]
[Date "2017-08-13"]
[Round "3.23"]
[White "Falkowski, Dawid "]
[Black "Tarnowska, Aleksandra"]
[Result "0-1"]
[WhiteTitle ""]
[BlackTitle ""]
[WhiteElo "2013"]
[BlackElo "1807"]

1. e4 c5 2. Nc3 e6 3. g3 Nc6 4. Bg2 a6 5. d3 Qc7 6. Be3 b5 7. Nge2 Bb7 8. O-O d6
9. f4 Nf6 10. h3 b4 11. Nb1 d5 12. Nd2 Be7 13. g4 dxe4 14. dxe4 Nd7 15. Qe1 Nb6
16. Qf2 Na5 17. Nb3 Nbc4 18. Bxc5 Nxb3 19. Bxe7 Nxa1 20. Bxb4 Nxc2 21. Bc3 O-O
22. Rc1 N4e3 23. Bf3 Qd7 24. Ng3 Qa4 25. g5 Rac8 26. Nh5 Rxc3 27. bxc3 Bxe4 28.
Bd1 Nxd1 29. Qh4 Bg6 30. f5 Qxh4 0-1

[Event "I Miedzynarodowy Memorial Ireny Warakomskiej - Open B"]
[Site "Suwalki"]
[Date "2017-08-13"]
[Round "3.24"]
[White "Hasinski, Krystian "]
[Black "Slezinski, Nikodem "]
[Result "1-0"]
[WhiteTitle ""]
[BlackTitle ""]
[WhiteElo "1904"]
[BlackElo "1995"]

1. c4 Nf6 2. Nc3 e6 3. g3 d5 4. Bg2 Be7 5. d4 O-O 6. cxd5 exd5 7. Nf3 c6 8. O-O
Bf5 9. a3 a5 10. Nh4 Be6 11. Qc2 Re8 12. Nf3 Qc8 13. Re1 Bf5 14. Qd1 Bd6 15. Bg5
Ne4 16. Be3 Nxc3 17. bxc3 a4 18. Qc1 Qc7 19. c4 dxc4 20. Qxc4 Nd7 21. Bd2 b5 22.
Qc1 Be4 23. Ng5 Bxg2 24. Kxg2 Nb6 25. Qc2 g6 26. Ne4 Be7 27. Bg5 Nc4 28. Bxe7
Qxe7 29. Nc5 Rad8 30. e3 h5 31. h4 Qa7 32. Qc3 Qa5 33. Rac1 Qxc3 34. Rxc3 Ra8
35. Kf3 Kg7 36. Rc2 f5 37. Nd3 Kf6 38. Nb2 Na5 39. Ree2 Rac8 40. Nd3 Nc4 41. Nc5
Nb6 42. Rc1 Red8 43. Rec2 Rd5 44. Rc3 Ke7 45. Kf4 Kf6 46. Nd3 Nc4 47. R1c2 Re8
48. Rxc4 bxc4 49. Rxc4 Re4+ 50. Kf3 Rb5 51. Rxc6+ Re6 52. Rc4 Ra5 53. Nc5 Re7
54. Rb4 Kg7 55. Kf4 Kh6 56. Rb6 Raa7 57. Rb8 Rac7 58. Rb4 Ra7 59. f3 Kg7 60. Rb6
Re8 61. e4 fxe4 62. fxe4 Kh6 63. e5 Rf8+ 64. Ke4 Rf1 65. Ra6 Rg1 66. Kd5 Rxg3
67. Rxa4 g5 68. hxg5+ Rxg5 69. Kd6 Rgg7 70. e6 h4 71. d5 Kg5 72. Ke5 h3 73. Ne4+
Kh5 74. Nf6+ Kg5 75. Rg4+ Kh6 76. Rh4+ Kg6 77. Rxh3 1-0

[Event "I Miedzynarodowy Memorial Ireny Warakomskiej - Open B"]
[Site "Suwalki"]
[Date "2017-08-13"]
[Round "3.25"]
[White "Ziemski, Jaroslaw"]
[Black "Litner, Igor "]
[Result "0-1"]
[WhiteTitle ""]
[BlackTitle ""]
[WhiteElo "1668"]
[BlackElo "1991"]

1. e4 d6 2. Nc3 Nf6 3. f4 c5 4. g3 Nc6 5. Nf3 g6 6. d4 cxd4 7. Nxd4 Bg7 8. Nxc6
bxc6 9. e5 dxe5 10. Qxd8+ Kxd8 11. Bg2 Bb7 12. Be3 Kc7 13. fxe5 Ng4 14. Bc5 Bxe5
15. O-O f5 16. Bxe7 Bd4+ 17. Kh1 Rae8 18. Bg5 Nf2+ 19. Rxf2 Bxf2 20. Bf4+ Kc8
21. Rd1 Re1+ 22. Rxe1 Bxe1 23. Na4 Bf2 24. Bf3 Re8 25. Kg2 Bb6 26. c4 c5 27. Bxb7+
Kxb7 28. Nc3 Bc7 29. Bg5 Be5 30. Na4 Bd4 31. Kf3 Re1 32. Bd2 Rf1+ 33. Ke2 Rf2+
34. Kd3 Rxh2 35. b4 cxb4 36. c5 Kc6 37. Bxb4 Rxa2 38. Nc3 Bxc3 39. Kxc3 a5 40.
Kb3 axb4 41. Kxa2 Kxc5 0-1

[Event "I Miedzynarodowy Memorial Ireny Warakomskiej - Open B"]
[Site "Suwalki"]
[Date "2017-08-13"]
[Round "3.26"]
[White "Milewski, Karol"]
[Black "Semczuk, Jerzy "]
[Result "1-0"]
[WhiteTitle ""]
[BlackTitle ""]
[WhiteElo "1747"]
[BlackElo "1989"]

1. e4 c5 2. Nf3 d6 3. d4 cxd4 4. Nxd4 Nf6 5. Nc3 a6 6. Bc4 e6 7. a4 Be7 8. Be3
O-O 9. O-O Bd7 10. f4 Nc6 11. Nxc6 Bxc6 12. Bd3 e5 13. Nd5 Bxd5 14. exd5 e4 15.
Be2 Qa5 16. c4 Nd7 17. b4 Qc7 18. a5 f5 19. Rc1 Bf6 20. Qa4 b6 21. Qc6 Qd8 22.
axb6 Be7 23. b7 Rb8 24. Ra1 g5 25. g3 gxf4 26. gxf4 Bf6 27. Rxa6 Kh8 28. Qxd6
Rxb7 29. Ra7 Rxa7 30. Bxa7 Rf7 31. Kh1 Qa8 32. Be3 Qa2 33. Bh5 Qxc4 34. Rg1 Re7
35. Qc6 Qxc6 36. dxc6 Nb8 37. b5 h6 38. Rg6 Bg7 39. Rd6 1-0